| 000 | 01043nam0a22002531 4500 | ||
|---|---|---|---|
| 001 | rc\626480 | ||
| 005 | 20031121164248.0 | ||
| 035 | _a(NLR Aleph) 005869025 | ||
| 090 |
_a5958992 _c5958992 |
||
| 100 | _a20031121d1986 u |0rusy50 ca | ||
| 101 | 0 | _arus | |
| 102 | _aRU | ||
| 105 | _aa ||||||||| | ||
| 200 | 1 |
_aИССЛЕДОВАНИЕ зависимости динамических свойств доменных границ в иттриевом феррогранате от состояния их структуры _fГорнаков В.С., Дедух Л.М., Никитенко В.И., Сыногач В.Т. |
|
| 210 |
_aЧерноголовка _cИн-т физики твердого тела _d1986 |
||
| 215 |
_a33 с. _cил. _d21 |
||
| 225 | 1 |
_aПрепринт _fАН СССР, Ин-т физики твердого тела |
|
| 320 | _aБиблиогр.: с. 32-33 | ||
| 701 | 1 |
_aГорнаков _bВ. С. |
|
| 801 | 0 |
_aRU _bNLR _gpsbo |
|
| 801 | 1 |
_aRU _bELAR _2rusmarc |
|
| 852 |
_aNLR _j87-6/2969 |
||
| 942 | _cBOOK | ||
| 980 | _aNB | ||